Pozycja Personal Name
Liczba rekordów, w których użyto hasła: 2
001 - Numer kontrolny
- control field: 40307
003 - Identyfikator numeru kontrolnego
- control field: NUKAT
005 - Data i czas ostatniej modyfikacji
- control field: 20260419194550.0
008 - Dane kontrolne kodowane (40 znaków)
- fixed length control field: 050120n||azznnbabn |a aaa |
010 ## - Numer kontrolny Biblioteki Kongresu
- numer kontrolny LC: p 2004317129
024 7# - OTHER STANDARD IDENTIFIER
- Standard number or code: 78774130
- Source of number or code: viaf
035 ## - Numer systemowy
- numer systemowy: a11829242
035 ## - Numer systemowy
- numer systemowy: (PL)a0000001182924
040 ## - Instytucja sporządzająca rekord
- inst. przygot. dane do rek. khw: WA N
- język haseł przedmiotowych/tezaurus: DBN
- inst. wprow. rek. khw: WA N
100 0# - Hasło - nazwa osobowa
- nazwa osobowa w formie ujednoliconej: Stefan Batory
- dopowiedzenie inne niż daty biograficzne: (król Polski ;
- daty biograficzne: 1533-1586)
400 0# - Trop zob. - nazwa osobowa
- nazwa osobowa (nazwisko, imiona): Stephanus
- dopowiedzenia inne niż daty biograficzne: (rex Poloniae)
400 0# - Trop zob. - nazwa osobowa
- nazwa osobowa (nazwisko, imiona): István Báthory
400 0# - Trop zob. - nazwa osobowa
- nazwa osobowa (nazwisko, imiona): Stefan Batory
- dopowiedzenia inne niż daty biograficzne: (książę Siedmiogrodu ;
- daty biograficzne: 1533-1586)
400 1# - Trop zob. - nazwa osobowa
- nazwa osobowa (nazwisko, imiona): Báthory István
400 0# - Trop zob. - nazwa osobowa
- nazwa osobowa (nazwisko, imiona): Stephan Batory
400 1# - Trop zob. - nazwa osobowa
- nazwa osobowa (nazwisko, imiona): Batory, Stefan
- dopowiedzenia inne niż daty biograficzne: (król Polski ;
- daty biograficzne: 1533-1586)
550 ## - Trop zob. też - nazwa pospolita
- nazwa posp. lub nazwa geogr. na pocz.: Elekcja Stefana Batorego i Anny Jagiellonki (1575)
550 ## - Trop zob. też - nazwa pospolita
- nazwa posp. lub nazwa geogr. na pocz.: Nagrobek Stefana Batorego (Kraków ; Katedra na Wawelu)
550 ## - Trop zob. też - nazwa pospolita
- nazwa posp. lub nazwa geogr. na pocz.: Wojna Stefana Batorego z Gdańskiem (1576-1577)
550 ## - Trop zob. też - nazwa pospolita
- nazwa posp. lub nazwa geogr. na pocz.: Zjazd jędrzejowski (1576)
670 ## - Źródło informacji
- źródło informacji: Trzej Padewczycy / Bronisław Kocowski. - Lwów, 1939.
670 ## - Źródło informacji
- źródło informacji: LHP
670 ## - Źródło informacji
- źródło informacji: NEP 1995